| 000 | 00661nam a2200241 a 4500 | ||
|---|---|---|---|
| 001 | nice12345678 | ||
| 003 | IN_TiNIC | ||
| 005 | 20260116014158.0 | ||
| 008 | 050524s2002 muma grp 000 0 eng | ||
| 020 |
_a8172243 _c95 |
||
| 082 | 0 | 0 |
_a001.422014 _bMAR |
| 100 | _aMarshall, Peter | ||
| 245 |
_aResearch Methods _b How to Design and Conduct a Successful Project |
||
| 260 |
_aMumbai _bJaico Pub.House _c2002 |
||
| 300 | _a114p | ||
| 500 | _aincludes index and biblioraphy | ||
| 505 | 2 | _aGlossary, Index, Further Reading | |
| 650 | _aResearch Methodology | ||
| 700 | 1 | _aMarshall, Peter | |
| 902 | _bSRS | ||
| 942 | _cBK | ||
| 999 |
_c14200 _d14200 |
||